| 000 | 00931cam a2200289 i 4500 | ||
|---|---|---|---|
| 999 |
_c200442386 _d60598 |
||
| 003 | TR-AnTOB | ||
| 005 | 20220802133227.0 | ||
| 007 | ta | ||
| 008 | 730926s1973 fr a bs i00000 eng | ||
| 020 | _a926411064X | ||
| 040 |
_aDLC _beng _erda _cCIN _dCIN _dTR-AnTOB |
||
| 041 | 0 | _aeng | |
| 050 | 0 | 4 |
_aHD9560.5 _b.O74 1973 |
| 090 |
_aHD9560.5 _b.O74 1973 |
||
| 110 | 2 | 0 |
_aOrganisation for Economic Co-operation and Development. _bSpecial Committee for Oil _9130763 |
| 245 | 1 | 0 |
_aOil : _bthe present situation and future prospects |
| 264 | 1 |
_aParis : _bOrganisation for Economic Co-operation and Development, _c1973. |
|
| 300 |
_a293 pages : _billustrations ; _c24 cm |
||
| 336 |
_2rdacontent _atext _btxt |
||
| 337 |
_2rdamedia _aunmediated _bn |
||
| 338 |
_2rdacarrier _avolume _bnc |
||
| 504 | _aBIB | ||
| 650 | 0 |
_aPetroleum industry and trade _924726 |
|
| 942 |
_2lcc _cBK |
||